| 000 | 00685cam a22001931 4500 | ||
|---|---|---|---|
| 003 | OSt | ||
| 005 | 20140922140406.0 | ||
| 008 | 851024s1946 cl 000 0 spa | ||
| 040 | _cBMC | ||
| 082 | _a346.01583 | ||
| 100 | 1 |
_aSomarriva Undurraga, Manuel _d1905- _95326 |
|
| 245 | 1 | 0 |
_aDerecho de familia _cManuel Somarriva Undurraga |
| 260 |
_aSantiago _bNascimento _c1946 |
||
| 300 |
_a663 p. _c24 cm |
||
| 500 | _aEn la cub.: Curso de derecho civil | ||
| 505 | 0 | _aContiene: El matrimonio ; Los regímenes matrimoniales ; La filiación ; El estado civil ; El derecho de alimentos ; Las tutelas y curadurías | |
| 650 | 2 | 4 |
_aDerecho de familia _zChile _916345 |
| 942 |
_2ddc _cBK _hahoj |
||
| 999 |
_c8586 _d8586 |
||